00314nam a2200109Ia 4500003000400000008004100004040001600045082001700061245007300078260004800151490000500199GCL140319s9999 xx 000 0 ara d aGCL / cGCL04a958.1bا ا10aافغانستان والسيد جمال الدين الافغانى a[S.N] : bمكتبة الاداب ، c1980 a